00354nam a22001337a 4500003000700000005001700007008004100024082002400065100003200089245004000121260002500161300000800186650002600194MPLRDC20220104142806.0210129b ||||| |||| 00| 0 eng d a051.4 P2ZL v.9 1954 a本刊全体编辑委员会 a锺灵中学校刊复兴第九号c ab锺灵中学c1954 b平 a学术纪要、学刊